LEADER 01218nam a2200301 i 4500 001 991000812699707536 005 20020507173916.0 008 971218s1973 uk ||| | eng 020 $a052120190X 035 $ab10760738-39ule_inst 035 $aLE01302704$9ExL 040 $aDip.to Matematica$beng 082 0 $a510 084 $aAMS 00A35 084 $aZDM D10 100 1 $aHowson, A. Geoffrey$0535079 245 10$aDevelopments in mathematical education :$bproceedings of the second International Congress on Mathematical Education /$cedited by A. G. Howson 260 $aCambridge :$bCambridge University Press,$c1973 300 $aix, 318 p. :$bdiagrs. ;$c22 cm. 500 $aIncludes bibliographical references and index 650 4$aMathematics-study and teaching$xCongresses 711 2 $aInternational congress on mathematical education <2. ; 1972 ; Exeter> 907 $a.b10760738$b21-09-06$c28-06-02 912 $a991000812699707536 945 $aLE013 D10 HOW11 (1973)$g1$i2013000093383$lle013$o-$pE0.00$q-$rl$s- $t0$u0$v0$w0$x0$y.i10855907$z28-06-02 996 $aDevelopments in mathematical education$9923042 997 $aUNISALENTO 998 $ale013$b01-01-97$cm$da $e-$feng$guk $h0$i1 LEADER 01445nam2 22003133i 450 001 UBO0065058 005 20251003044417.0 010 $a0582046637 100 $a20140407d1991 ||||0itac50 ba 101 | $aeng 102 $agb 181 1$6z01$ai $bxxxe 182 1$6z01$an 200 1 $aStudents book$fJan Bell, Roger Gower 210 $d1991 215 $a158 p.$cill.$e1 audiocassetta (36 min.). 461 1$1001UBO0065059$12001 $aIntermediate matters$fJan Bell Roger Gower 606 $aLingua inglese$xEsercizi$2FIR$3SBLC018646$9E 676 $a428.24$9LINGUA INGLESE. USO STANDARD (LINGUISTICA PRESCRITTIVA) LINGUISTICA APPLICATA. Approccio strutturale all'espressione per persone di madrelingua diversa$v21 676 $a428.2451$9Lingua inglese. Approccio strutturale all'espressione per persone di madrelingua italiana$v22 700 1$aBell$b, Jan$3UBOV045063$4070$0111953 701 1$aGower$b, Roger$3BRIV003596$4070$0184206 801 3$aIT$bIT-000000$c20140407 850 $aIT-BN0095 912 $aUBO0065058 950 2$aBiblioteca Centralizzata di Ateneo$c1 v.$d 01LT (AR) 18 B 658$e 01AR 0700186585 VMA 1 v.$fB $h20140407$i20140407$c1 v. in due copie$d 01LT (AR) 18 B 660$e 01AR 0700186605 VMA (bis 1 v. (2. copia)$fY $h20190617$i20190617 977 $a 01 996 $aStudents book$91575491 997 $aUNISANNIO